[Event "Match 77__120'/40"]
[Site "Zürich"]
[Date "2024.??.??"]
[Round "37"]
[White "Super Forte C 6 MHz sel. 4"]
[Black "Mephisto Polgar sel. 5"]
[Result "1/2-1/2"]
[WhiteElo "2009"]
[BlackElo "1981"]
[Annotator "Utzinger,K"]
[PlyCount "153"]
[EventDate "2024.??.??"]
[SourceVersionDate "2024.04.21"]

{[%evp 0,153,19,38,25,16,14,23,28,-11,40,-33,-16,-98,-35,-95,-78,-82,-69,-88,-73,-79,-73,-78,-78,-78,-88,-85,-25,-32,-16,-60,14,-16,-2,-29,-11,5,3,-9,4,-2,-15,-20,-36,-47,-26,-88,-97,-106,-114,-174,-196,-191,-194,-214,-187,-608,-128,-184,-173,-181,-138,-135,-98,-105,-67,-70,-71,-77,-76,-76,-54,-54,0,0,0,0,-10,-59,-39,-62,-62,-54,-63,-63,-71,-59,-55,-44,-55,-85,-42,-68,-75,-76,-75,-81,-86,-88,-77,-106,-95,-100,-95,-95,-91,-108,-113,-129,-113,-140,-147,-147,-154,-143,-154,-147,-151,-181,-93,-93,-151,-138,-146,-180,-181,-321,-374,-382,-274,-380,-185,-185,-146,-130,0,0,0,0,0,0,0,0,0,0,0,0,0,0,0,0,0,0,0,0]} 1. e4 e5 {Match 120'/40 | Bediener: Rolf Bühler | 37. Partie: Remis | Zwischenstand: 20,0-17,0 (54% für für Mephisto Polgar sel. 5; hypothetisch: 18,5-18,5 (50%) Gleichstand | Buchzüge total: Super Forte C = 373, Mephisto Polgar = 339 | Spanisch, Cordel Verteidigung bzw. Klassische Variante: Gegen den schwarzen Aufbau bringt der Super Forte C sel. 4 kein Bein auf den Boden. Er misshandelt die Eröffnung und steht eigentlich schon nach 15.Sf3? auf verlorenem Posten. In der Folge, vor allem auch im (Doppel-)Turmendspiel, vermag er einzig, X unzulängliche Gewinnversuche auszugleichen, um aber doch immer wieder in verlorene Stellungen zu geraten. Leider versteht es der Mephisto Polgar sel. 5 ebenso wenig, seine fast unzähligen Gewinnmöglichkeiten in einen Sieg umzumünzen. Und so endet die Partie schliesslich bei nur noch nackten Königen auf dem Brett im Remis. Einmal mehr hat sich gezeigt, dass Turmendspiele äusserst wichtig sind und unseren Oldies damit die grössten Schwierigkeiten haben.} 2. Nf3 Nc6 3. Bb5 Bc5 4. c3 {***ENDE BUCH***} Nf6 {***ENDE BUCH***} 5. b4 $2 {[%mdl 32768] Dieser positionelle Missgriff taucht bei Stockfish 16.1 erst als Nr. 8 der besten Züge auf.} (5. d4 {ist die übliche Fortsetzung und nach} exd4 6. e5 Nd5 (6... Ne4 {gefällt mir weniger, obwohl mehr verbreitet}) 7. O-O Be7 8. cxd4 (8. a4 a6 9. Bc4 Nb6 10. Bb3 $14) 8... d6 9. exd6 Qxd6 $11) 5... Be7 {Nach b6 ist aktiver.} 6. Qc2 a5 $5 $15 {Na klar, der Bauer b4 ist ein Angriffsobjekt.} 7. Bxc6 dxc6 (7... bxc6 {ist gleichwertig nach} 8. bxa5 Rxa5 9. O-O O-O 10. d4 exd4 11. cxd4 d5 12. e5 Ne4 $11) 8. Nxe5 {Nicht die beste Wahl und 8.bxa5 strategisch gesünder.} (8. bxa5 Rxa5 9. d4) 8... axb4 9. d3 Be6 $15 {Dank der weissen Eröffnungsanlage steht Schwarz bereits günstiger. Sowohl 10.cxb4 als auch 10.Sbd2 verdienen den Vorzug.} 10. c4 $6 {Und erneut greift der Super Forte C sel. 4 daneben.} Nd7 $1 11. Nxd7 Qxd7 12. Bb2 O-O {Riesenstark und schon fast entscheidend war auch 12...c5, was die Schwäche des rückständigen Bauern d3 blosslegt.} (12... c5 13. Nd2 Rd8 14. Ke2 f5 15. f3 O-O $19) 13. O-O $17 Bc5 $6 $15 {Nach 10...c5! stünde Schwarz deutlich besser, nach dem lahmen Textzug nur noch leicht besser.} 14. Nd2 f5 $6 {Besser natürlich ...Tfd8 oder ...Tad8; aber beide Programme agieren in dieser Partiephase recht hilflos.} 15. Nf3 $2 {[%mdl 2] [#] Schlicht ein Verlustzug.} Qe7 $2 {[%mdl 32768] Schwarz packt seine Chance nicht.} (15... fxe4 16. dxe4 Rxf3 $3 17. gxf3 Qf7 $19 {und die weisse Stellung ist eine Ruine.}) 16. Rfe1 fxe4 17. Rxe4 Qf7 18. Bd4 Bxd4 19. Nxd4 Bd7 $11 {Der Rauch hat sich verzogen und es steht wieder gleich.} 20. Rae1 c5 21. Nf3 Qf6 22. R4e3 Qc3 $11 {Hofft nach dem Damentausch auf einen starken Freibauern.} 23. Qxc3 $6 $17 {Am besten hätte Weiss auf den Damentausch verzichtet.} bxc3 24. Re7 {Hier war 24.Tc1 genauer.} Bc6 $17 {[#]} 25. Ne5 $2 $19 {[%mdl 2] Erneuter Verlustzug von Weiss.} (25. Rc1 Rxa2 26. Rxc3 b6 27. Re3 Bxf3 28. gxf3 {hält den Schaden in Grenzen.}) 25... Rxa2 26. Nxc6 bxc6 27. f3 Rd2 {Es gibt keine Rettung mehr für Weiss.} 28. R7e2 $19 Rd8 $2 $15 {[%mdl 32768] Wirft den Gewinn auf einen Schlag weg.} (28... Rxe2 29. Rxe2 Rb8 $1 30. Kf2 (30. Kf1 Rb2 31. Ke1 c2 32. Kd2 c1=Q+ 33. Kxc1 Rxe2 $19) (30. Rc2 Rb1+ 31. Kf2 Rb2 $19) 30... Rb2 31. g3 c2 {und wenn Weiss die Umwandlung des Bauern verhindern will, kostet ihn das den Turm} 32. Rxc2 Rxc2+) {[#]} 29. Kf1 $2 {[%mdl 2] Erneut verpasst Weiss eine genügende Verteidigung.} (29. Rxd2 cxd2 30. Rd1 Rxd3 31. Kf2 Kf7 32. Ke2 Rc3 33. Kxd2 $1 Rxc4 34. Ra1 {und es ist nicht zu sehen, wie Schwarz dieses Turmendspiel gewinnen könnte, zumal es sich bei den zwei Mehrbauern um wertlose Doppelbauern handelt. Hier eine mögliche Fortsetzung mit meiner stärksten Analyse-Engine Light 32 MPV-avx2 auf 30 Sek/Zug:} Ke6 35. g3 Rd4+ 36. Kc3 Rd5 37. f4 Rh5 38. Re1+ Kd5 39. Re2 c4 40. Re7 Rxh2 41. Rxg7 h6 42. Rxc7 Rh1 43. Rh7 Rg1 44. Rxh6 Rxg3+ 45. Kc2 Rg2+ 46. Kc3 Rg3+ 47. Kc2 $11) 29... R2xd3 30. Rc2 R8d6 $2 {[%mdl 32768] Man kann es dem Mephisto Polgar sel. 5 nicht ankreiden, dass er den möglichen Gewinn mit 30...T8d4 nicht erkennen kann. Das wäre selbst nach einwöchiger Rechenzeit nicht denkbar, da schlicht viel viel zu tief.} (30... R8d4 31. Rec1 Rxc4 32. Ke2 Rd5 33. Rxc3 Rxc3 34. Rxc3 Kf7 35. f4 Ke6 36. Rh3 h5 37. Rg3 Kf6 38. Rc3 Kf5 39. Kf3 Ke6 40. g3 Kd6 41. h3 Rd4 42. g4 hxg4+ 43. hxg4 c4 44. Ke3 Rd3+ $1 45. Rxd3+ cxd3 46. Kxd3 Kd5 $19) 31. Rec1 Rd2 32. h3 Re6 33. Rxd2 cxd2 34. Rd1 Rd6 35. Ke2 Rd4 36. Rxd2 Rxc4 {[#] Nun ist es wieder Remis.} 37. Rd8+ Kf7 38. Rd7+ Kf6 39. Ke3 Rc3+ 40. Kd2 Ra3 41. Rxc7 Ra2+ 42. Ke3 Rxg2 43. Rxc6+ Kg5 44. Rxc5+ Kh4 45. Rd5 Rg3 46. Ke4 h5 47. f4 Rxh3 48. f5 Rg3 $11 {Falls Weiss keinen Fehler mehr begeht, ist diese Stellung natürlich theoretisch Remis.} (48... Kg5 49. Rd7 Kf6 50. Rd6+ Ke7 51. Rg6 $11) 49. Rd1 Rg4+ 50. Ke5 Kg3 51. Rd3+ Kg2 52. Rd2+ Kh3 53. Rd3+ Rg3 54. Rd7 h4 {[#]} 55. Rd4 $2 $19 {[%mdl 2] Nun hat Weiss doch noch einen Verlustzug "gefunden".} Rg4 $2 $11 {[%mdl 32768] Aber Schwarz findet den Gewinnweg nicht.} (55... Rg5 $1 {bringt Weiss in Zugzwang} 56. Ra4 Kg3 $1 57. Ra3+ Kg4 $1 58. Ra4+ Kh5 $1 {droht ...g6} 59. Ke6 h3 60. Ra2 Rg2 61. Ra3 h2 62. Rh3+ Kg4 63. Rh8 Rf2 64. Rh7 Re2+ 65. Kd5 Kxf5 $19) 56. Rd7 Kg3 57. Rd3+ Kh2 58. Rd2+ Rg2 {[#]} 59. Rd8 $1 {[%mdl 2] Und erneut vermasselt der Super Forte C sel. 4 das Remis.} (59. Rd7 h3 60. Kf4 Kg1 61. Ke3 Rg5 62. Rd1+ Kh2 63. Kf4 $11 {und Schwarz kommt nicht weiter.}) 59... Re2+ $2 {[%mdl 32768] Umgekehrt ist es nun der Mephisto Polgar sel. 5, der seine Gewinnstellung in den Sand setzt.} (59... h3 60. Rd3 Rg4 $1 61. Ra3 Kg2 62. Ra2+ Kg3 63. Ra3+ Kh4 64. Rb3 h2 65. Rb8 Kg5 66. Rh8 (66. Rb1 Rg1) 66... Rh4 $19) 60. Kf4 h3 61. Rd3 Rg2 $11 62. Ke5 $19 {[%mdl 2] Weiss stolpert schon wieder in eine verlorene Stellung.} Rg4 63. Rc3 Kg2 64. Rc2+ Kh1 65. Rc1+ Rg1 66. Rc7 $19 h2 $2 $11 {[%mdl 32768] Nicht besser geht es dem Mephisto Polgar sel. 5, der erneut seine Gewinnstellung in den Sand setzt.} (66... Rg4 $1 67. Rc1+ Kg2 68. Rc2+ Kg3 69. Rc3+ Kh4 {und gewinnt wie in der Variante 59...h3 angegeben.}) 67. Kf4 Kg2 68. Rxg7+ Kf2 69. Rh7 h1=Q 70. Rxh1 Rxh1 $11 {[#] Und da der schwarze König vom Kampf gegen den weissen Bauern abgeschnitten ist, vermag Schwarz nicht mehr zu gewinnen.} 71. Ke5 Kg3 72. f6 Kg4 73. f7 Rh8 74. Kf6 Kf3 75. Kg7 Ra8 76. f8=Q+ Rxf8 77. Kxf8 {***REMIS MATERIAL***} 1/2-1/2

[Event "Match 77__120'/40"]
[Site "Zürich"]
[Date "2024.??.??"]
[Round "38"]
[White "Mephisto Polgar sel. 5"]
[Black "Super Forte C 6 MHz sel. 4"]
[Result "1/2-1/2"]
[WhiteElo "1981"]
[BlackElo "2009"]
[Annotator "Utzinger,K"]
[PlyCount "77"]
[EventDate "2024.??.??"]
[SourceVersionDate "2024.04.21"]

{[%evp 0,77,16,-16,13,21,23,20,86,78,66,57,43,65,65,46,55,38,36,46,33,48,52,27,24,29,-4,-19,3,9,9,-13,-5,-79,-40,-50,-39,-51,-50,-49,-49,-50,-57,-56,-62,-61,-59,-59,-12,-116,-64,-87,-89,-80,-89,-89,-93,-64,-52,-30,-33,-41,-67,-82,-73,0,0,0,0,0,0,0,0,0,0,0,0,0,0,0]} 1. c4 c5 {Match 120'/40 | Bediener: Rolf Bühler | 38. Partie: Remis | Zwischenstand: 20,5-17,5 (53,9% für Mephisto Polgar sel. 5; hypothetisch: 19,0-19,0 (50%) Gleichstand | Buchzüge total: Super Forte C = 381, Mephisto Polgar = 347 | Englsch, Symmetrie Variante mit 3...d5: Die beste Partie des bisherigen Matches, begehen doch beide Partner auf ihrem Niveau betrachtet nur einige Ungenauigkeiten. Nur zweimal, als die Sache äusserst komplex und enorm taktisch wurde, wird es kritisch. Mit 18...Sxf4!? rettet sich Schwarz mit einer erfindungsreichen Abwicklung. Und später, als es den Anschein macht, dass Weiss mit einem Bauern weniger sich gegen eine mögliche Niederlage verteidigen muss, findet der Mephisto Polgar sel. 5 eine wirklich sehenswerte Abwicklung, die ihm das Remis durch Dauerschach einbringt.} 2. Nc3 Nf6 3. Nf3 d5 4. cxd5 Nxd5 5. e3 Nxc3 6. bxc3 g6 7. Bb5+ Nd7 8. O-O {***ENDE BUCH***} Bg7 {***ENDE BUCH***} 9. Ba3 {Eine Neuerung anstelle der bekannten Fortsetzungen 9.d4 und 9..a4.} (9. d4 O-O 10. a4 b6 11. Ba3 Bb7 12. Re1 Nf6 13. Bd3 $11 {½-½ (79) Kortschnoj,V (2615)-Gavrikov,V (2600) Horgen 1994}) 9... b6 10. d4 O-O 11. Qa4 a6 12. Bc6 Ra7 13. c4 Qc7 14. Be4 Nf6 15. Bd3 Bb7 {Im Hinblick auf den möglichen Vorstoss d4-d5 macht 15...Tfd8 mehr Sinn. Falls dann 16.d5, kann Schwarz das gegnerische Zentrum mit 16...e6 unter Druck setzen.} 16. Ne5 {Die Einschränkung der Aktivität des Lb7 durch 16.d5 mag besser zu gefallen.} Nh5 {Hier wäre 16...cxd4 und folgendem Druck auf das weisse Zentrum für Schwarz vorteilhaft gewesen.} (16... cxd4 17. exd4 Rd8 $17 {und das weisse Zentrum steht auf wackligen Füssen.}) 17. f4 {Die einzige vernünftige Fortsetzung.} cxd4 18. exd4 {[#]} Nxf4 $5 {Damit wird eine höchst interessante Abwicklung eingeleitet.} 19. Rxf4 Bxe5 20. dxe5 Qxe5 {Für seine Leichtfigur hat Schwarz nur zwei Bauern, aber die Dreifachdrohung ...Dxf4 und ...Dxa1+ sowie ...De3+ nebst Dxd3 ist lästig für Weiss. Für mich erstaunlich findet der Mephisto Polgar sel. 5 die beste Verteidigung, um das Gleichgewicht zu halten.} 21. Raf1 $1 Qe3+ 22. R4f2 Qxd3 23. Bxe7 {Weiss steht nur noch mit einem Bauern im Minus und hat gewaltig Druck auf der halboffenen f-Linie. Ferner scheinen die dunklen Felder um den schwarzen König geschwächt. Die Engines attestieren hier dynamischen Ausgleich. Für unsere Oldies ist diese Stellung mit den verschiedenen Möglichkeiten wohl sehr schwierig einzuschätzen.} Rfa8 $2 {Und prompt greift Schwarz fehl und muss den Vorteil dem Gegner überlassen. Dabei gab es zwei Fortsetzungen, die das Gleichgewicht aufrechterhalten.} (23... Bc6 {Dame und Läuer sind angegriffen.} 24. Qb4 Re8 {und nun} 25. Rxf7 $2 {würde indessen verlieren nach} (25. Qxb6 {logisch} Rexe7 ({oder} 25... Raxe7 26. Qxc6 Re6 $11) 26. Qxc6 Re6 $11) (25. Bf6 {ist komplizierter} Rb7 26. Qd2 Qe3 27. Qxe3 Rxe3 28. Rd2 Rb8 (28... b5 $11) 29. Rd6 Rc8 {Auch 29...Le8 oder 29...Te6 sind spielbar.} 30. Rb1 {oder 30.Lg5 = sowie 30.Tf4 =} Re4 (30... b5 31. a4 $1 $11) 31. Rxb6 Rxc4 32. Rb2 Bb5 33. Rbd2 Re8 34. h4 Rce4 35. Rd8 $11) 25... Qe3+ {und der Le7 geht in die Binsen}) (23... Rc8 $11 {sollte ebenfalls noch zum Ausgleich führen.}) 24. Rxf7 $2 {[%mdl 32768] Verlockend, aber falsch, geht nun doch der Vorteil an Schwarz über. Das hätte mit 24.Lf6! vermieden werden können.} Qe2 $6 {Schwarz verpasst eine gute Gewinnchance.} (24... Bxg2 $1 25. Kxg2 Qe4+ 26. Kg1 Rxe7 {und Weiss muss schwer ums Remis kämpfen.}) 25. R1f2 Qe1+ 26. Rf1 Qe4 27. R1f2 Bd5 {Vertreibt den Tf7 von der siebten Reihe.} 28. R7f4 Qe1+ 29. Rf1 Qe3+ 30. R1f2 Bxg2 {Erobert einen Bauern, was im vorliegenden Fall aber nicht schlimm ist.} (30... Qxe7 31. cxd5 $11) 31. Bg5 $1 {Eine starke Riposte.} Qc5 32. Bh6 Bh3 {[#]} 33. Qc6 $1 {Einleitung zu einer hübschen Abwicklung, die zum Remis führt. Es droht Damentausch nebst Grundlinienmatt auf f8.} Bf5 $1 {Erzwungen; hat nun Weiss sein Pulver verschossen und muss er sich mit einem Bauern weniger abfinden? Nein, wie die Folge zeigt.} (33... Qxc6 $4 {triftt auf die Bestrafung} 34. Rf8+ Rxf8 35. Rxf8# {Matt}) (33... Qe7 $2 {verliert ebenfalls} 34. Qd5+ Kh8 35. Qe5+ $1 Kg8 (35... Qxe5 36. Rf8+ Rxf8 37. Rxf8#) 36. Qxe7 $18) 34. Rxf5 $1 {Eine weitere Pointe des vorhergehenden Zuges.} gxf5 {Alles andere verliert.} 35. Qe6+ {Nun aber hat Weiss ein Dauerschach.} Kh8 36. Qf6+ Kg8 37. Qe6+ Kh8 38. Qf6+ Kg8 39. Qe6+ {***3x REMIS***} 1/2-1/2

[Event "Match 77__120'/40"]
[Site "Zürich"]
[Date "2024.??.??"]
[Round "39"]
[White "Super Forte C 6 MHz sel. 4"]
[Black "Mephisto Polgar sel. 5"]
[Result "1-0"]
[WhiteElo "2009"]
[BlackElo "1981"]
[Annotator "Utzinger,K"]
[PlyCount "78"]
[EventDate "2024.??.??"]
[SourceVersionDate "2024.04.21"]

{[%evp 0,78,19,38,25,16,13,45,8,-6,-13,-8,-8,7,7,7,17,-8,47,33,59,23,99,98,98,56,66,45,57,45,62,81,119,118,93,112,104,123,124,146,127,140,181,182,212,204,212,212,221,187,252,263,350,371,456,477,707,218,229,230,528,534,570,568,568,569,595,595,584,584,603,593,593,581,655,619,620,586,607,624,648]} 1. e4 e5 {Match 120'/40 | Bediener: Rolf Bühler | 39. Partie: Weiss (Super Forte C) gewinnt | Zwischenstand: 20,5-18,5 (52,5% für Mephisto Polgar sel. 5; hypothetisch: 20,0-19,0 (51,2%) für Super Forte C | Buchzüge total: Super Forte C = 388, Mephisto Polgar = 354 | Vierspringerspiel, Italienische Variante 4.Lc4 Sxe4: Die zahme Eröffnungswahl von Weiss erlaubt Schwarz leichten Ausgleich in und nach der Eröfffnungsphase. Dann geht dem Mephisto Polgar sel. 5 die Luft aus, und das Programm produziert schlechte Züge. Diese haben Bauernverlust und vor allem den Rochadeverlust zur Folge. Der schwarze Turm h8 bleibt bis Spielende eingeklemmt und ist ausser Spiel, ja geht am Ende gar noch verloren. So kann der Super Forte C sel. 4 einen leichten Sieg einfahren.} 2. Nf3 Nf6 3. Nc3 Nc6 4. Bc4 {Eine Fortsetzung, die auf Top-Niveau praktisch verschwunden ist, bzw. nur noch im Zusammenhang mit der Gambitvariante 4...Sxe4! 5.0-0?! angewendet wird.} Nxe4 $1 5. Nxe4 (5. Bxf7+ {fällt zum klaren Vorteil von Schwarz aus nach} Kxf7 6. Nxe4 d5 $17 {Schwarz hat ein starkes Zentrum und das Läuferpaar.} 7. Neg5+ Kg8 8. d3 h6 9. Nh3 g5 10. Nhg1 Bg7 11. c3 Bf5 12. Ne2 e4 13. Nfd4 Nxd4 14. Nxd4 Bxd4 15. cxd4 exd3 16. O-O Kg7 17. h4 Qf6 18. Qf3 Be4 19. Qg3 Qd6 20. Qg4 Raf8 21. hxg5 hxg5 22. f4 Qg6 23. Bd2 Rh4 24. Qg3 Qh5 25. Kf2 Rg4 26. Rh1 Rxg3 27. Rxh5 Rxg2+ 28. Ke1 Rg1+ {0-1 (28) Mamedyarov,S (2767)-So,W (2767) Chess.com INT 2019}) (5. O-O {Mit dieser Gambit Variante zwecks rascher Entwicklung hat Weiss selten den gewünschten Erfolg und statistisch eine schlechte Bilanz. Der ChessBase Eröffnungsreport zeigt folgendes Bild: White scores badly (39%). / White performs Elo 2367 against an opposition of Elo 2445 (-78) / Black performs Elo 2471 against an opposition of Elo 2393 (+78) / White wins: 9 (=21%), Draws: 15 (=36%), Black wins: 18 (=43%) / The drawing quote is Average. (7% quick draws, < 20 Moves) / Meine Engine gibt folgende Variante aus mit einer besseren Bewertung für Schwarz:} {Light 32 MPV-avx2:} Nxc3 {Bewertung -0.69 bei ST 41 oder 37% (+0%, =73%, -26%)} 6. dxc3 f6 7. b4 Ne7 8. Re1 d6 9. a4 Bd7 10. b5 Qc8 11. a5 Be6 12. Bxe6 Qxe6 13. Nd2 d5 14. Nb3 Nf5 15. Nd4 Nxd4 16. cxd4 e4 17. c4 dxc4 18. d5 Qe5 19. Ra4 Bd6 20. g3 O-O 21. Rxc4 f5 22. Bf4 Qe8 23. Bxd6 cxd6 24. Qe2 Rc8 25. a6 Rxc4 26. Qxc4 Qe7 27. axb7 Qxb7 28. Ra1 Qe7 29. Qd4 Rf7 30. Rc1 h5 31. Rc8+ Kh7 {[%eval -69,41] [%wdl 4,734,262]}) 5... d5 6. Bd3 dxe4 7. Bxe4 {***ENDE BUCH***} Bd6 {***ENDE BUCH***} 8. Qe2 {Üblicher sind 8.d4 oder 8.0-0, doch spricht m.E. nichts gegen den Textzug.} f6 $6 {Schwarz hat unnötige Angst von Lxc6+ bxc6, Sxe5, was jedoch einfach mit der kurzen Rochade behoben werden konnte, weil am Ende dieser Variante dann der Fesslungszug ...Te8 entscheiden würde.} 9. d4 Bg4 $2 {[%mdl 32768] Geht an der besten Verteidigung mit 9...De7 oder 9...0-0 vorbei.} 10. dxe5 $6 {Verpasst 10.Db5, was noch wesentlich stärker ist.} {[#]} Bxe5 $2 $18 {[%mdl 2] Verschlimmert nur die Situation. Da so oder so ein schwarzer Bauer in die Binsen geht, war 10...Sxe5 die sinnvollere Wahl. Nach dem Textug geht es für Schwarz abwärts.} 11. Qb5 $1 {Dieser starke Zug bringt Schwarz in nicht mehr verkraftbare Schwierigkeiten. Im höheren Sinne ist die Partie für Weiss bereits gewonnen.} Rb8 12. Bxc6+ bxc6 13. Qxc6+ {Nun hat Schwarz die Qual der Wahl.} Kf8 (13... Qd7 14. Qxd7+ Kxd7 15. Nxe5+ fxe5 16. b3 $16 {und Schwarz kann nur noch auf den Tausch der Türme und das Endspiel mit ungleichfarbigen Läufern setzen.}) (13... Bd7 {hilft auch nicht mehr} 14. Qc4 Qe7 15. O-O Bb5 16. Qb3 Rb6 17. Re1 Bc6 18. Qd3 Bxf3 19. gxf3 g5 20. f4 gxf4 21. Bxf4 $18) 14. O-O Bd6 15. h3 Rb6 16. Qe4 Rb4 17. Qd3 Bh5 18. Re1 Bg6 19. Qc3 Qb8 20. b3 Rb5 {Dem Schwarzen fehlt die Verbindung der Türme.} (20... Kf7 {rettet aber auch nichts mehr} 21. Ba3 Rb6 22. Bxd6 Rxd6 23. Qc4+ Kf8 24. Rad1 $18 {Weiss spielt praktisch mit einem Turm mehr, und das kann nicht gut gehen.}) 21. Nd4 Re5 22. Rxe5 Bxe5 23. Bf4 Bxf4 24. Ne6+ Kg8 {Obwohl es keine Rolle spielt, ist das bestimmt die ungünstigste Alternative von drei Möglichkeiten.} 25. Nxf4 Bf7 26. Rd1 h6 27. Rd7 {Schwarz ist absolut hilflos.} c6 28. Rxf7 {Eine nette, aber eigentlich unnötige Gewinnkombinaktion, weil 28.Dd3 noch stärker ist.} Kxf7 29. Qc4+ {Nun kann Weiss gar noch den bislang untätigen schwarzen Th8 erobern.} Ke8 30. Ng6 Kd7 31. Qf7+ Kc8 (31... Kd6 32. Qe7+ Kd5 33. c4+ Kd4 34. Qe3#) 32. Nxh8 Qc7 33. Qf8+ Kb7 34. Nf7 Ka6 35. Qxg7 Qe7 36. Kh2 Kb6 37. Qg8 h5 38. Qd8+ Qxd8 39. Nxd8 h4 {***AUFGEGEBEN***} 1-0